000
00264nam a2200109Ia 4500
008
260210s9999 xx 000 0 und d
020
_a
9781682859193
100
_a
Kenneth Frost,
245
0
_a
Key Concepts in Urban Studies`
260
_b
Willford Pr.
942
_c
PG
999
_c
14039
_d
14039